[Event "Reykjavik Open 2018"]
[Site "Reykjavik ISL"]
[Date "2018.03.07"]
[Round "3.69"]
[White "Mohota, Nisha"]
[Black "Chan, Daniel"]
[Result "1-0"]
[WhiteTitle "IM"]
[WhiteElo "2272"]
[BlackElo "1816"]
[WhiteFideId "5004330"]
[BlackFideId "142050"]
[EventDate "2018.03.06"]

1. d4 e6 2. e4 d5 3. Bd3 Nf6 4. e5 Nfd7 5. Nf3 c5 6. c3 Nc6 7. O-O Qb6 8. Bc2
Be7 9. a3 c4 10. Nbd2 Na5 11. Rb1 Qc7 12. Ne1 b6 13. Qg4 g6 14. Ndf3 Ba6 15. Bg5
Qd8 16. Bh6 Bf8 17. Bg5 Be7 18. h4 Bxg5 19. Nxg5 Qe7 20. f4 O-O-O 21. Qe2 Nb8
22. g3 h6 23. Ngf3 Rdg8 24. Ng2 Kb7 25. Ne3 Nd7 26. Rf2 Rc8 27. Rh2 Rcg8 28. Rf1
Rg7 29. Kh1 Rgg8 30. Rg1 Rg7 31. h5 Rgg8 32. g4 g5 33. f5 Nc6 34. Rf2 Rf8 35.
Qf1 Rhg8 36. Qg2 Rd8 37. Nd2 Ndb8 38. fxe6 fxe6 39. Rf6 Nd7 40. Rxh6 Rh8 41.
Rxh8 Rxh8 42. Rf1 b5 43. Kg1 Kb8 44. Nxd5 exd5 45. Qxd5 Ndxe5 46. dxe5 Qxe5 47.
Qxe5+ Nxe5 48. Bf5 Bc8 49. Bxc8 Kxc8 50. Rf5 Nxg4 51. Rxg5 Nf6 52. Rxb5 Nxh5 53.
Nxc4 Nf4 54. Kf2 Rh3 55. Rf5 Nd3+ 56. Kg2 Rh4 57. b3 Nc1 58. Nd2 Kb7 59. Rf1 Nd3
60. Rf7+ Kb8 61. Kg3 Rh6 62. Nc4 Rc6 63. Rf8+ Kc7 64. Ne3 Nc1 65. Nd5+ Kb7 66.
Rf7+ Kb8 67. Rf2 Rg6+ 68. Kf3 Rg1 69. b4 Nd3 70. Ra2 Re1 71. Ne3 Ne5+ 72. Kf4
Nd3+ 73. Ke4 1-0

[Event "Reykjavik Open 2018"]
[Site "Reykjavik ISL"]
[Date "2018.03.07"]
[Round "3.70"]
[White "Berg, Margar M."]
[Black "Pantzar, Milton"]
[Result "0-1"]
[BlackTitle "FM"]
[WhiteElo "1811"]
[BlackElo "2263"]
[WhiteFideId "7200021"]
[BlackFideId "1721003"]
[EventDate "2018.03.06"]

1. d4 Nf6 2. Bg5 d5 3. Bxf6 gxf6 4. c4 dxc4 5. e4 f5 6. Nc3 fxe4 7. Bxc4 Bg7 8.
Nge2 Nc6 9. Nxe4 Nxd4 10. Nf4 Bf5 11. f3 O-O 12. O-O Nc6 13. Qe2 Qd4+ 14. Kh1
Qxb2 15. Qxb2 Bxb2 16. Rab1 Be5 17. Nd5 Bxe4 18. fxe4 e6 19. Ne3 b6 20. Ng4 Bg7
21. Rb3 Ne5 22. Rg3 Kh8 23. Nxe5 Bxe5 24. Rd3 Bd6 25. g3 Kg8 26. Kg2 Rad8 27.
Rc3 Be5 28. Rc2 Rd4 29. Kf3 Rfd8 30. Rff2 c6 31. Rfe2 b5 32. Bb3 Rd3+ 33. Kg4
Bc3 34. e5 c5 0-1

[Event "Reykjavik Open 2018"]
[Site "Reykjavik ISL"]
[Date "2018.03.07"]
[Round "3.71"]
[White "Heimisson, Hilmir Freyr"]
[Black "Coffman, Charles Z"]
[Result "0-1"]
[WhiteTitle "CM"]
[WhiteElo "2224"]
[BlackElo "1814"]
[WhiteFideId "2309998"]
[BlackFideId "2091933"]
[EventDate "2018.03.06"]

1. d4 Nf6 2. Bf4 g6 3. e3 Bg7 4. h3 c5 5. Nf3 Qb6 6. Na3 Nd5 7. Nc4 Qd8 8. Bh2
cxd4 9. exd4 Nc6 10. c3 O-O 11. Bd3 d6 12. O-O Bd7 13. Qb3 Nc7 14. a4 Be6 15.
Rfe1 Na5 16. Qb4 Nxc4 17. Bxc4 Bxc4 18. Qxc4 Rc8 19. Qb3 b6 20. Re2 Qd7 21. Rae1
e6 22. Nd2 Qc6 23. Ne4 Rfd8 24. Bg3 Nd5 25. Ra1 a6 26. Ree1 Rd7 27. Qa3 Rcd8 28.
Kh2 h6 29. Bh4 Re8 30. Kh1 f5 31. Nd2 Nf4 32. Nf3 e5 33. dxe5 dxe5 34. Qb3+ Kh7
35. Rad1 Rxd1 36. Rxd1 Nxh3 37. Qd5 Qxd5 38. Rxd5 Nf4 39. Rd7 g5 40. Bg3 Kg8 41.
Bxf4 exf4 42. Kg1 Re2 43. Nd2 Re1+ 44. Kh2 b5 45. axb5 axb5 46. Rd8+ Kf7 47.
Rd7+ Kg6 48. c4 bxc4 49. Nxc4 Rc1 50. b3 Rc3 51. Rb7 Bd4 52. f3 g4 53. fxg4 fxg4
54. Rd7 Bf2 55. Nd2 Rc1 56. Ne4 Bg1+ 57. Kh1 g3 58. Nf2 Bxf2+ 59. Rd1 Rxd1# 0-1

[Event "Reykjavik Open 2018"]
[Site "Reykjavik ISL"]
[Date "2018.03.07"]
[Round "3.72"]
[White "Nebolsina, Vera"]
[Black "Meier, Gerd"]
[Result "1-0"]
[WhiteTitle "WGM"]
[WhiteElo "2211"]
[BlackElo "1804"]
[WhiteFideId "4163591"]
[BlackFideId "4682971"]
[EventDate "2018.03.06"]

1. e4 c5 2. c3 d5 3. exd5 Qxd5 4. d4 e5 5. Nf3 Nc6 6. Nxe5 Nxe5 7. dxe5 Qxd1+ 8.
Kxd1 Bg4+ 9. Kc2 O-O-O 10. Bd3 Ne7 11. Bg5 h6 12. Bxe7 Bxe7 13. f3 Be6 14. Nd2
a6 15. Rhe1 b5 16. b3 Rd7 17. Nf1 Rhd8 18. Be4 c4 19. b4 f6 20. exf6 Bxf6 21.
Bg6 Rd6 22. Rxe6 Rxe6 23. Bf5 Re8 24. Ng3 Kc7 25. Bxe6 Rxe6 26. Ne4 Be7 27. a4
Kb6 28. axb5 axb5 29. Ra8 Bf6 30. Ra6+ Kxa6 31. Nc5+ Kb6 32. Nxe6 Kc6 33. Kd2
Kd5 34. Nc5 Bg5+ 35. Ke2 Be7 36. Ne4 Bd8 37. g3 g5 38. g4 Be7 39. Ng3 Bd6 40.
Nf1 Be5 41. Kd2 Bf4+ 42. Kc2 Ke6 43. Ng3 Be5 44. Nf5 Bxh2 45. Nd4+ Ke5 46. Nxb5
Kf4 47. Nd6 Ke3 48. Nf5+ Kxf3 49. Nxh6 Bf4 50. Kd1 Be5 51. Kd2 Bf4+ 52. Kc2 Be5
53. b5 Bc7 54. Kb2 Ba5 55. Kc2 Bc7 56. Kd1 Ba5 57. Kd2 Bc7 58. Kc2 Ba5 59. Nf5
Kxg4 60. Ne3+ Kf3 61. Nxc4 Bc7 62. b6 Bb8 63. Kd3 g4 64. Ne3 g3 65. c4 g2 66.
Nxg2 Kxg2 67. c5 Bh2 68. c6 Bg1 69. c7 1-0

[Event "Reykjavik Open 2018"]
[Site "Reykjavik ISL"]
[Date "2018.03.07"]
[Round "3.73"]
[White "Vidic, Teja"]
[Black "Opasiak, Dustin Tennessee"]
[Result "1-0"]
[WhiteTitle "WFM"]
[WhiteElo "2180"]
[BlackElo "1797"]
[WhiteFideId "14605511"]
[BlackFideId "24630217"]
[EventDate "2018.03.06"]

1. e4 e6 2. d4 d5 3. Nd2 Nc6 4. Ngf3 Nf6 5. e5 Nd7 6. Bd3 f6 7. Ng5 Ndxe5 8.
dxe5 Nxe5 9. Ngf3 Nxd3+ 10. cxd3 e5 11. O-O Bd6 12. Re1 O-O 13. Nf1 Kh8 14. Ng3
c6 15. Bd2 Bd7 16. b4 Qe7 17. a4 Qf7 18. Qb3 Bg4 19. Nh4 Be6 20. Nhf5 Bc7 21. d4
Qd7 22. Ne3 f5 23. Nc2 f4 24. Nf1 e4 25. b5 Rf6 26. Nb4 Rg6 27. bxc6 bxc6 28.
Kh1 Rxg2 29. Kxg2 f3+ 30. Kg1 Bf7 31. Nc2 Qh3 32. Nce3 Rb8 33. Qc3 Bf4 34. Reb1
Rd8 35. Qxc6 Rd6 36. Rb8+ Bg8 37. Rxg8+ Kxg8 38. Qe8# 1-0

[Event "Reykjavik Open 2018"]
[Site "Reykjavik ISL"]
[Date "2018.03.07"]
[Round "3.74"]
[White "Kvendseth, Thyra"]
[Black "Bucher, Grant W"]
[Result "0-1"]
[WhiteElo "1757"]
[BlackElo "2121"]
[WhiteFideId "1520628"]
[BlackFideId "413810"]
[EventDate "2018.03.06"]

1. e4 e5 2. Nf3 Nc6 3. Bb5 a6 4. Ba4 Nf6 5. O-O b5 6. Bb3 Bc5 7. c3 d6 8. d4 Bb6
9. Be3 O-O 10. a4 Bg4 11. axb5 axb5 12. Rxa8 Qxa8 13. d5 Bxe3 14. fxe3 Na5 15.
Bc2 Nc4 16. Qe2 Qa2 17. Bd3 Rb8 18. Rf2 Qb3 19. h3 Bh5 20. Kh2 Bg6 21. Bxc4 bxc4
22. Nbd2 Qxb2 23. Qxc4 Rb7 24. Qa6 Qb5 25. Qa8+ Rb8 26. Qa7 Qb6 27. Qxb6 Rxb6
28. c4 Nxe4 29. Nxe4 Bxe4 30. Ng5 Bg6 31. Ra2 Kf8 32. Ra7 c6 33. c5 dxc5 34. d6
Rb8 35. Rc7 Rd8 36. Rxc6 h6 37. Nf3 f6 38. d7 Be4 39. Rxc5 Rxd7 40. Kg3 Kf7 41.
Ra5 g5 42. Ra6 h5 43. Ra4 Bb7 44. Rb4 Kg6 45. Rb5 Bd5 46. Rb6 Kf5 47. Rb4 Rb7
48. Ra4 Rb2 49. h4 g4 50. Ne1 Re2 51. Ra1 Rxe3+ 52. Kf2 Rb3 53. Ra5 g3+ 54. Ke2
Rb2+ 55. Ke3 Bxg2 56. Nxg2 Rxg2 57. Kf3 Rd2 58. Kxg3 Rd3+ 0-1

[Event "Reykjavik Open 2018"]
[Site "Reykjavik ISL"]
[Date "2018.03.07"]
[Round "3.75"]
[White "Carroll, Peter"]
[Black "Coleman, David J"]
[Result "1/2-1/2"]
[BlackTitle "CM"]
[WhiteElo "1733"]
[BlackElo "2107"]
[WhiteFideId "2510243"]
[BlackFideId "402087"]
[EventDate "2018.03.06"]

1. e4 d5 2. exd5 Qxd5 3. Nc3 Qa5 4. d4 Nf6 5. Nf3 Bf5 6. Bd2 c6 7. Ne4 Qc7 8.
Nxf6+ gxf6 9. c3 e6 10. g3 Nd7 11. Bg2 Bd6 12. O-O Bg6 13. Re1 O-O-O 14. Nh4 f5
15. f4 Be7 16. Nf3 Bh5 17. Qb3 Bxf3 18. Bxf3 h5 19. h4 Rdg8 20. Kh2 Qd8 21. Kh3
Nf8 22. Be3 Ng6 23. Bf2 Bxh4 24. gxh4 Nxf4+ 25. Kh2 Nd3 26. Qc2 Qd6+ 27. Kh1
Nxe1 28. Rxe1 Qf4 29. Qe2 Rh7 30. Qe3 Qxe3 31. Rxe3 Kd7 32. Re1 f6 33. Rg1 Rxg1+
34. Kxg1 Kd6 35. c4 b6 36. b4 e5 37. c5+ Kc7 38. d5 cxd5 39. Bxd5 Rg7+ 40. Kf1
bxc5 41. Bxc5 Rg4 42. b5 Kb8 43. Bd6+ Kc8 44. Bc5 Kb8 45. Bc6 Rxh4 46. Bd6+ Kc8
47. Bc5 Kb8 48. Bd6+ 1/2-1/2

[Event "Reykjavik Open 2018"]
[Site "Reykjavik ISL"]
[Date "2018.03.07"]
[Round "3.76"]
[White "Miranda Herrera, Miguel"]
[Black "Marentini, Marcel"]
[Result "0-1"]
[WhiteElo "1722"]
[BlackElo "2024"]
[WhiteFideId "24507067"]
[BlackFideId "1318730"]
[EventDate "2018.03.06"]

1. e4 d6 2. d4 Nf6 3. Nc3 e5 4. Nge2 Nc6 5. Bg5 Be7 6. h3 O-O 7. f4 exf4 8. Nxf4
Nxe4 9. Bd3 Ng3 10. Bxe7 Qxe7+ 11. Kd2 Nxh1 12. Bxh7+ Kxh7 13. Qh5+ Kg8 14. Ncd5
Qe4 15. Re1 Qf5 16. Qh4 Be6 17. Nxc7 Nxd4 18. Nh5 Qxc2+ 19. Ke3 Nf5+ 0-1

[Event "Reykjavik Open 2018"]
[Site "Reykjavik ISL"]
[Date "2018.03.07"]
[Round "3.77"]
[White "Magnusson, Magnus"]
[Black "Pedersen, Soren Sandmann"]
[Result "1-0"]
[WhiteElo "2023"]
[BlackElo "1794"]
[WhiteFideId "2302128"]
[BlackFideId "30929717"]
[EventDate "2018.03.06"]

1. e4 c6 2. d3 d5 3. Nd2 e5 4. Ngf3 Bd6 5. g3 Nf6 6. Bg2 O-O 7. O-O Re8 8. c4
Nbd7 9. Qc2 a5 10. b3 b5 11. exd5 cxd5 12. cxb5 Bb7 13. a4 Rc8 14. Qd1 Qb6 15.
Bb2 Nc5 16. Nb1 Ncd7 17. d4 e4 18. Nh4 Bf8 19. Nf5 g6 20. Ne3 Bg7 21. Qd2 Nf8
22. Nc3 Ne6 23. Ne2 Kh8 24. h4 Ng8 25. f4 f5 26. Rfc1 Nf6 27. Rxc8 Rxc8 28. b4
axb4 29. Qxb4 Bf8 30. Qd2 Ng4 31. Nxg4 fxg4 32. Rc1 Rc4 33. Rxc4 dxc4 34. Qc2
Bg7 35. Qxc4 Nc7 36. Bc3 Nd5 37. a5 Qd6 38. a6 Ba8 39. Qc8+ Qf8 40. Qxf8+ Bxf8
41. Ba5 1-0

[Event "Reykjavik Open 2018"]
[Site "Reykjavik ISL"]
[Date "2018.03.07"]
[Round "3.78"]
[White "Valette, Christian"]
[Black "Peoples, Jonathon"]
[Result "1-0"]
[WhiteElo "2022"]
[BlackElo "1763"]
[WhiteFideId "613940"]
[BlackFideId "2509520"]
[EventDate "2018.03.06"]

1. d4 Nf6 2. Nf3 d5 3. Bf4 c5 4. c3 Nc6 5. e3 Bg4 6. Nbd2 Qb6 7. Qb3 c4 8. Qxb6
axb6 9. Be2 e6 10. O-O Be7 11. h3 Bh5 12. g4 Bg6 13. Nh4 O-O 14. Nxg6 hxg6 15.
Bf3 b5 16. a3 Ra7 17. Rae1 Rd8 18. e4 b6 19. Bh2 Rad7 20. g5 Ne8 21. exd5 exd5
22. Bg4 Ra7 23. h4 Nd6 24. Re2 Nf5 25. Nf3 Bd6 26. Rfe1 Bxh2+ 27. Kxh2 Re7 28.
h5 Rde8 29. Rxe7 Rxe7 30. hxg6 fxg6 31. Rxe7 Ncxe7 32. Ne5 Nd6 33. Be6+ Kh7 34.
Nd7 Ne4 35. f4 Nf2 36. Nxb6 Nd3 37. Nxd5 Nxd5 38. Bxd5 Nxb2 39. Bc6 Nd1 40. Bxb5
Nxc3 41. Bxc4 1-0

[Event "Reykjavik Open 2018"]
[Site "Reykjavik ISL"]
[Date "2018.03.07"]
[Round "3.79"]
[White "Hallsson, Jon Eggert"]
[Black "Birkisson, Bjorn Holm"]
[Result "0-1"]
[WhiteElo "1684"]
[BlackElo "2022"]
[WhiteFideId "2311569"]
[BlackFideId "2310600"]
[EventDate "2018.03.06"]

1. e4 c5 2. Nc3 Nc6 3. Nge2 g6 4. g3 Bg7 5. Bg2 e6 6. O-O Nge7 7. d3 O-O 8. h3
d6 9. f4 a6 10. a4 Rb8 11. g4 f5 12. Ng3 d5 13. gxf5 exf5 14. Nxd5 Nxd5 15. exd5
Nb4 16. c4 Qh4 17. Qf3 Re8 18. Kh2 Bd7 19. a5 Nc2 20. Rb1 Re7 21. Qf2 Nb4 22.
Ne4 Qxf2 23. Nxf2 Bd4 24. Bd2 Re2 25. Bxb4 cxb4 26. Nh1 Rbe8 27. Ng3 Rxb2 28.
Rxb2 Bxb2 29. Rf2 Bd4 30. Rd2 b3 31. Re2 b2 0-1

[Event "Reykjavik Open 2018"]
[Site "Reykjavik ISL"]
[Date "2018.03.07"]
[Round "3.80"]
[White "Mortensen, Rogvi"]
[Black "Fjallheim, Leif Reinert"]
[Result "1-0"]
[WhiteElo "2018"]
[BlackElo "1737"]
[WhiteFideId "7202369"]
[BlackFideId "7201788"]
[EventDate "2018.03.06"]

1. d4 Nf6 2. c4 g6 3. Nc3 Bg7 4. e4 d6 5. h3 O-O 6. Bg5 h6 7. Be3 Nbd7 8. Nf3 e5
9. d5 a5 10. g4 Nc5 11. Nd2 Nh7 12. h4 b6 13. h5 g5 14. Be2 Bd7 15. O-O Nf6 16.
f3 Qe7 17. Re1 Rfc8 18. Nf1 Qd8 19. Ng3 Kf8 20. b3 Ra6 21. Rb1 Rca8 22. Qd2 Qc8
23. Kg2 Nh7 24. a3 R6a7 25. Nh1 Bf6 26. Nf2 Be7 27. b4 axb4 28. axb4 Na6 29.
Rec1 Nb8 30. c5 bxc5 31. bxc5 dxc5 32. Nd3 Ra5 33. Nxe5 Nf6 34. Nc4 R5a7 35. Kg3
Rb7 36. e5 Ne8 37. Qd3 Kg8 38. Bd1 Rxb1 39. Rxb1 f5 40. Kh3 Ng7 41. d6 cxd6 42.
Qd5+ Kh7 43. Qxa8 fxg4+ 44. fxg4 Qe8 45. Bc2+ Nf5 46. Rxb8 Qf7 47. Nxd6 Bxd6 48.
exd6 Kg7 49. Bxf5 Bxf5 50. Rg8+ Kh7 51. Rh8+ Kg7 52. Qg8+ Qxg8 53. Rxg8+ 1-0

[Event "Reykjavik Open 2018"]
[Site "Reykjavik ISL"]
[Date "2018.03.07"]
[Round "3.81"]
[White "Arnalds, Stefan"]
[Black "Flynn, Jacob"]
[Result "0-1"]
[WhiteElo "1999"]
[BlackElo "1710"]
[WhiteFideId "2304821"]
[BlackFideId "2509393"]
[EventDate "2018.03.06"]

1. d4 d5 2. c4 c6 3. Nc3 Nf6 4. Bg5 e6 5. e3 Nbd7 6. cxd5 exd5 7. Bd3 Be7 8. Qc2
h6 9. Bh4 O-O 10. Nge2 Re8 11. f3 c5 12. O-O-O Nf8 13. g4 N6h7 14. Bf2 c4 15.
Bf5 a6 16. h4 g6 17. Bxc8 Rxc8 18. Kb1 b5 19. Nf4 b4 20. Ncxd5 Qa5 21. Be1 Qb5
22. Nxe7+ Rxe7 23. Bxb4 Rxe3 24. Bc3 Rxf3 25. Qd2 Nf6 26. Rhf1 Ne4 27. Rxf3
Nxd2+ 28. Rxd2 Re8 29. Rd1 Ne6 30. Ng2 Qd5 31. Rf2 Nc5 32. Nf4 Qd7 33. g5 Ne4
34. Rc2 Nxc3+ 35. bxc3 Qf5 36. Ng2 Re2 37. Ne1 Qe4 0-1

[Event "Reykjavik Open 2018"]
[Site "Reykjavik ISL"]
[Date "2018.03.07"]
[Round "3.82"]
[White "Mai, Alexander Oliver"]
[Black "Johannesson, Haki"]
[Result "1-0"]
[WhiteElo "1995"]
[BlackElo "1696"]
[WhiteFideId "2313391"]
[BlackFideId "2304694"]
[EventDate "2018.03.06"]

1. e4 e5 2. Nf3 Nc6 3. Nc3 d6 4. Bb5 Bd7 5. d4 Nxd4 6. Bxd7+ Qxd7 7. Nxd4 exd4
8. Qxd4 Ne7 9. Bf4 Nc6 10. Qd2 g6 11. Nd5 O-O-O 12. Qc3 Be7 13. O-O-O Qe6 14. b4
Qd7 15. b5 Nb8 16. Nxe7+ Qxe7 17. Bxd6 1-0

[Event "Reykjavik Open 2018"]
[Site "Reykjavik ISL"]
[Date "2018.03.07"]
[Round "3.83"]
[White "Swati, Mohota"]
[Black "Jonsson, Sveinbjorn"]
[Result "1-0"]
[WhiteTitle "WFM"]
[WhiteElo "1991"]
[BlackElo "1682"]
[WhiteFideId "5006511"]
[BlackFideId "2303248"]
[EventDate "2018.03.06"]

1. d4 d5 2. c4 c6 3. Nf3 g6 4. e3 Nf6 5. Nc3 e6 6. Qc2 Bg7 7. Be2 Nbd7 8. O-O
O-O 9. b3 Re8 10. Bb2 b6 11. Rad1 Bb7 12. Ne5 Rc8 13. f4 Qc7 14. Qb1 a6 15. Bf3
Nf8 16. Rc1 dxc4 17. bxc4 N6d7 18. Ne4 c5 19. Nd6 Qxd6 20. Bxb7 Rb8 21. Bxa6
Red8 22. Bb5 Nxe5 23. fxe5 Qe7 24. Qe4 f5 25. exf6 Bxf6 26. Rc2 Rd6 27. dxc5 1-0

[Event "Reykjavik Open 2018"]
[Site "Reykjavik ISL"]
[Date "2018.03.07"]
[Round "3.84"]
[White "Steingrimsson, Karl Egill"]
[Black "Baldvinsson, Loftur"]
[Result "0-1"]
[WhiteElo "1659"]
[BlackElo "1977"]
[WhiteFideId "2304791"]
[BlackFideId "2301261"]
[EventDate "2018.03.06"]

1. d4 Nf6 2. Nf3 g6 3. g3 c5 4. c3 cxd4 5. cxd4 Bg7 6. Bg2 Nc6 7. O-O O-O 8. Re1
d5 9. Nc3 Bg4 10. Ne5 Bf5 11. Nxc6 bxc6 12. Bg5 h6 13. Bxf6 Bxf6 14. e3 Rb8 15.
Qd2 e5 16. Na4 exd4 17. exd4 Kg7 18. Qc3 Qd6 19. Nc5 Rb6 20. b4 Rfb8 21. a3 Bd8
22. Na4 R6b7 23. Nc5 Re7 24. Rxe7 Bxe7 25. Re1 Qf6 26. Na6 Rb6 27. Bf1 Kh7 28.
Re5 Bf8 29. Re8 Bg7 30. Qe3 Be4 31. Nc5 Bf5 32. Nb3 Bc2 33. Bd3 Bxb3 34. Bxg6+ 0-1

[Event "Reykjavik Open 2018"]
[Site "Reykjavik ISL"]
[Date "2018.03.07"]
[Round "3.85"]
[White "Haraldsson, Haraldur"]
[Black "Huber-Delle, Guenther"]
[Result "1/2-1/2"]
[WhiteElo "1963"]
[BlackElo "1665"]
[WhiteFideId "2311100"]
[BlackFideId "30904056"]
[EventDate "2018.03.06"]

1. Nf3 d5 2. d4 Nf6 3. c4 c6 4. e3 Bg4 5. Qb3 Bxf3 6. gxf3 Qc7 7. Nc3 e6 8. Bd2
Nbd7 9. cxd5 Nxd5 10. Bh3 N7b6 11. a4 a5 12. Rc1 Nb4 13. Ke2 Be7 14. f4 Rd8 15.
Ne4 N6d5 16. Rhg1 g6 17. Ng5 h6 18. Nf3 g5 19. Bxb4 axb4 20. f5 exf5 21. Bxf5 f6
22. h3 Kf8 23. Ne1 Qa5 24. Be6 Nb6 25. Qd3 Kg7 26. b3 Nd5 27. Kf1 Nc3 28. Nf3
Rd6 29. Bg4 h5 30. Bf5 Qd5 31. e4 Qxb3 1/2-1/2

[Event "Reykjavik Open 2018"]
[Site "Reykjavik ISL"]
[Date "2018.03.07"]
[Round "3.86"]
[White "Sajjadi, Kimiya"]
[Black "Vignisson, Ingvar Egill"]
[Result "1-0"]
[WhiteElo "1958"]
[BlackElo "1656"]
[WhiteFideId "1516434"]
[BlackFideId "2309270"]
[EventDate "2018.03.06"]

1. d4 d5 2. c4 c6 3. Nc3 Nf6 4. Nf3 e6 5. e3 Nbd7 6. Qc2 Bd6 7. b3 b6 8. Be2 O-O
9. O-O Bb7 10. Bb2 Qe7 11. Rfd1 c5 12. cxd5 cxd4 13. Nxd4 Nxd5 14. Nxd5 Bxd5 15.
e4 Rac8 16. Qb1 Bb7 17. Nf3 Bf4 18. b4 Nf6 19. Bd3 g6 20. a4 Rfd8 21. Ra3 Nh5
22. b5 Rd7 23. g3 Bh6 24. Rc3 Rxc3 25. Bxc3 Qa3 26. Bb2 Qxa4 27. Bc2 Rxd1+ 28.
Qxd1 Qb4 29. Be5 Qe7 30. Bd6 Qd7 31. Ne5 Qxb5 32. Ba4 Qb2 33. Ng4 Bd2 34. Bb8 b5
35. Bc2 a5 36. Qxd2 Qg7 37. Nh6+ 1-0

[Event "Reykjavik Open 2018"]
[Site "Reykjavik ISL"]
[Date "2018.03.07"]
[Round "3.87"]
[White "Sigurvaldason, Hjalmar"]
[Black "Van den Bersselaar, Henri"]
[Result "0-1"]
[WhiteElo "1499"]
[BlackElo "1956"]
[WhiteFideId "2306018"]
[BlackFideId "1022032"]
[EventDate "2018.03.06"]

1. e4 d5 2. exd5 Qxd5 3. d4 Nc6 4. c3 e5 5. Be3 Nf6 6. Nf3 Bg4 7. Be2 O-O-O 8.
O-O Kb8 9. c4 Qd7 10. d5 e4 11. Nfd2 Bxe2 12. Qxe2 Nb4 13. Nc3 Re8 14. Nb3 Qg4
15. f3 exf3 16. Rxf3 Na6 17. Qd3 Nb4 18. Qe2 b6 19. a3 Na6 20. Rd1 Nc5 21. Nd4
Nce4 22. Nc6+ Kb7 23. Nb5 a6 24. Nbd4 Bd6 25. h3 Qg6 26. Qd3 Nd7 27. b4 Ne5 28.
Nxe5 Bxe5 29. Nc6 Bf6 30. c5 Nc3 31. Qxg6 hxg6 32. Rd3 Nxd5 33. Rxd5 Kxc6 34.
Rd1 Rd8 35. Rc1 Kb7 36. Bf4 b5 37. g4 Rhe8 38. Kf2 Bd4+ 39. Kg3 Kc6 40. Rff1 f6
41. Bd2 g5 42. Bc3 Be3 43. Rce1 Rd3 44. Bb2 Bf4+ 45. Kf2 Rxh3 0-1

[Event "Reykjavik Open 2018"]
[Site "Reykjavik ISL"]
[Date "2018.03.07"]
[Round "3.88"]
[White "Meyer, Juergen"]
[Black "Fjallheim, Elmar Reinert"]
[Result "1-0"]
[WhiteElo "1926"]
[BlackElo "1644"]
[WhiteFideId "24661759"]
[BlackFideId "7201095"]
[EventDate "2018.03.06"]

1. e4 e6 2. d4 d5 3. Nc3 dxe4 4. Nxe4 Bd7 5. Nf3 Bc6 6. Bd3 Nd7 7. Qe2 Ngf6 8.
Neg5 h6 9. Nxe6 fxe6 10. Bg6+ Ke7 11. O-O Bxf3 12. Qxf3 c6 13. Qa3+ c5 14. dxc5
Ne5 15. c6+ Qd6 16. Qxd6+ Kxd6 17. Bf4 bxc6 18. Rad1+ Nd5 19. c4 Be7 20. c5+
Kxc5 21. Bxe5 Bf6 22. Rfe1 Rhf8 23. b4+ Kb6 24. Bd6 Be7 25. Bxe7 Nxe7 26. Rxe6
Nxg6 27. Rxg6 Rf7 28. Rc1 Rc7 29. h3 Rd8 30. Rg4 Rd2 31. a4 a6 32. Rgc4 Rd5 33.
Rc5 Rxc5 34. Rxc5 Rd7 35. a5+ Kb7 36. Rc4 Rd5 37. Kf1 c5 38. Ke2 Kc6 39. bxc5
Rxc5 40. Kd3 Kb5 41. Rxc5+ Kxc5 42. f4 Kb5 43. f5 Kxa5 44. g4 Kb5 45. h4 Kc5 46.
g5 Kd6 47. f6 Ke6 48. fxg7 Kf7 49. gxh6 Kg8 50. Kc4 1-0

[Event "Reykjavik Open 2018"]
[Site "Reykjavik ISL"]
[Date "2018.03.07"]
[Round "3.89"]
[White "Jacobsen, Heidrikur T."]
[Black "Hjaltason, Elvar Orn"]
[Result "1-0"]
[WhiteElo "1887"]
[BlackElo "1639"]
[WhiteFideId "7200340"]
[BlackFideId "2315084"]
[EventDate "2018.03.06"]

1. Nc3 d5 2. e4 e6 3. d4 Bb4 4. e5 c5 5. a3 Bxc3+ 6. bxc3 Qa5 7. Bd2 Qa4 8. Nf3
c4 9. Be2 Ne7 10. O-O Nbc6 11. Nh4 Ng6 12. Nxg6 hxg6 13. f4 Bd7 14. Qb1 O-O-O
15. Qb2 Rh7 16. Rfb1 b6 17. Rf1 Rdh8 18. h3 Kb7 19. Rf3 Kc7 20. Raf1 Kb7 21.
R1f2 Kc7 22. Bf1 Kb7 23. g4 Kc7 24. Bg2 Kb7 25. Rg3 Kc7 26. Kh2 Kb7 27. f5 gxf5
28. gxf5 Ne7 29. f6 gxf6 30. Rxf6 Nf5 31. Rg4 Bc6 32. Rg5 Nh4 33. Bf1 Nf5 34.
Bc1 Kc7 35. Qb1 Qa5 36. Qb2 Qa4 37. Bf4 Nh4 38. Bg3 Ng6 39. Bg2 Kd7 40. Qc1 Ke7
41. Rgxg6 fxg6 42. Qg5 Kd7 43. Qxg6 Re7 44. h4 Qxa3 45. Bh3 Rhe8 46. Be1 Qb2 47.
h5 a5 48. Rf7 Kd8 49. Bh4 Ba4 50. Rxe7 Rxe7 51. Bxe7+ Kxe7 52. Qxe6+ Kd8 53.
Qd6+ Ke8 54. Bf5 Bxc2 55. Qg6+ Kd8 56. Bxc2 Qxc3 57. Qd6+ Kc8 58. Qc6+ Kb8 59.
Qxb6+ Ka8 60. Qa6+ Kb8 61. Qb5+ Ka7 62. Qc5+ Ka6 63. Bf5 Qd2+ 64. Kg3 Qg5+ 65.
Bg4 Qe3+ 66. Kh4 Qf2+ 67. Kg5 Qe3+ 68. Kf6 Qh6+ 69. Kf5 Qh7+ 70. Kg5 Qg7+ 71.
Kh4 Kb7 72. Qxd5+ Kb8 73. Qxa5 Qe7+ 74. Kh3 Qb7 75. Qd8+ Ka7 76. Qd7 c3 77.
Qxb7+ Kxb7 78. Bf5 1-0

[Event "Reykjavik Open 2018"]
[Site "Reykjavik ISL"]
[Date "2018.03.07"]
[Round "3.90"]
[White "Goldammer, Christian"]
[Black "Hrafnsson, Hreinn"]
[Result "1-0"]
[WhiteElo "1885"]
[BlackElo "1637"]
[WhiteFideId "30947200"]
[BlackFideId "2304686"]
[EventDate "2018.03.06"]

1. e4 c5 2. Nf3 e6 3. c4 Nc6 4. Be2 d6 5. d4 cxd4 6. Nxd4 Be7 7. O-O Nf6 8. Nc3
O-O 9. Be3 Nxd4 10. Bxd4 b6 11. Qd2 Bb7 12. f3 Ne8 13. Bf2 Nc7 14. Rad1 e5 15.
Kh1 Ne8 16. b3 Nf6 17. Nb5 Ne8 18. a4 a6 19. Nc3 Bg5 20. Qd3 Rc8 21. Ra1 Be7 22.
Qe3 Rc6 23. Nd5 Bg5 24. Qd3 a5 25. Rfd1 Nf6 26. b4 Nxd5 27. cxd5 Rc8 28. Qb5 Rc2
29. Bxb6 Qc8 30. bxa5 Qc3 31. Qd3 Qb2 32. Bf1 Rfc8 33. Rdb1 Qc3 34. a6 Ba8 35.
Qxc3 R2xc3 36. Bg1 g6 37. a7 Kg7 38. Rb8 f5 39. Rxc8 Rxc8 40. Rb1 fxe4 41. fxe4
Kh6 42. h3 Bf4 43. Rb8 Rc1 44. Rxa8 Rxf1 45. Rf8 1-0

[Event "Reykjavik Open 2018"]
[Site "Reykjavik ISL"]
[Date "2018.03.07"]
[Round "3.91"]
[White "Puglia, Francesco"]
[Black "Kreken, Eivind Grunt"]
[Result "1-0"]
[WhiteElo "1878"]
[BlackElo "1612"]
[WhiteFideId "2820060"]
[BlackFideId "1532359"]
[EventDate "2018.03.06"]

1. e4 e6 2. d4 d5 3. Nc3 dxe4 4. Nxe4 Bd7 5. Nf3 Bc6 6. Neg5 h6 7. Nxf7 Kxf7 8.
Ne5+ Kf6 9. h4 Qe8 10. Bg5+ hxg5 11. hxg5+ Kxg5 12. Qg4+ Kf6 13. Rxh8 Nh6 14.
Qh4+ g5 15. Rxh6+ Bxh6 16. Qxh6+ Ke7 17. Qxg5+ Kd6 18. c4 b6 19. c5+ bxc5 20.
dxc5+ Kd5 21. O-O-O+ Kxc5 22. Nxc6+ 1-0